00661nam a22002057a 450000500170000001000130001702000220003003500130005203700160006504000120008108200160009310000200010924501150012926000420024427000580028630000210034450000490036565000200041465000210043420170124110014.0 aA-993381 c00.00a8173913226 aA-993381 bCen Lib/Ret aDPLbEN a338.04bPAT aPatrick, Martin aSelf employment and successful entrepreneurship :cby Martin Patrickbachievment in the unorganised sector / aNew Delhi bKanishka publishersc1999 a4697/5-21A,Ansari road Darya GanjbNew Delhi e110002 a177p. c21cm(Hb) aIncludes bibliographical reference and index aSelf employment aEntrepreneurship